000 00758nam a2200229 a 4500
001 40894
003 BD-RjUL
005 20211209053307.0
008 160511s1985 bg ||||| |||| 00| 0 ben d
020 _c: TK 22.00
035 _a(BD-RjUL)41010
040 _aBD-RjUL
_bben
_cBD-RjUL
041 _aben
082 _223
_a891.443
_bDAS 1985
100 _aদত্ত, হরিপদ
_9125876
245 1 0 _aসূর্যের ঘ্রাণে ফেরা /
_cহরিপদ দত্ত
260 _aঢাকা :
_bমুক্তধারা,
_c১৯৮৫
300 _a১০১ পৃ. ;
_c২১ সেমি.
650 _aবাংলা উপন্যাস
_9125877
650 _aBengali Fiction
_9125878
942 _2ddc
_cBK
999 _c40894
_d40894